アイドルマスターミリオンライブ!コミックが初出のユニット名 - Statistics

General Stats
  • This quiz has been taken 4 times
  • The average score is 5 of 7
Answer Stats
ユニット名 メンバー コミック % Correct
トライスタービジョン 恵美・琴葉・エレナ Blooming Clover
100%
ダブルエース 美奈子・奈緒 Blooming Clover
100%
Clover 可奈・志保・海美・星梨花 Blooming Clover
100%
シグナル 未来・静香・翼 Blooming Clover
75%
アトリエル・シエル まつり・朋花・美也・エレナ Brand New Song
75%
FleurS 百合子・このみ・桃子 Brand New Song
50%
スタードリーマーズ 未来・静香・翼・紬・歌織 Brand New Song
0%
No matching quizzes found
Score Distribution
Percent of People with Each Score
Percentile by Number Answered
Your Score History
You have not taken this quiz